| 000 | 00424nam a2200157 i 4500 | ||
|---|---|---|---|
| 001 | 33955 | ||
| 003 | ES-MaACL | ||
| 005 | 20230906154841.0 | ||
| 007 | t| | ||
| 008 | 030203s1920 cu ||||1| spa d | ||
| 100 | 1 |
_aBlanck, Willy de. _929165 |
|
| 245 | 1 | 0 |
_aGotas de sangre _b: novela de la guerra / _cWilly de Blanck. |
| 260 |
_aLa Habana : _bSiglo XX, _c1920. |
||
| 300 |
_a318 p. ; _c21 cm. |
||
| 852 |
_aES-MaACL _jF-1533 |
||
| 999 |
_c33955 _d33955 |
||